| 000 | 01259nam a22002775i 4500 | ||
|---|---|---|---|
| 001 | 154810 | ||
| 003 | ES-MaACL | ||
| 005 | 20251019063053.0 | ||
| 008 | 980721s1712 ne |||| | lat d | ||
| 040 |
_aCCPB | B _bspa _cCCPB | B |
||
| 100 |
_aGrotius, Hugo, _d1583-1645 _9222293 |
||
| 245 | 1 | 0 |
_aHugonis Grotii De jure belli ac pacis libri tres _b: in quibus jus naturae & gentium item juris publici praecipua explicatur ... eiusdem dissertatio de mari libero & libellus singularis de aequitate, indulgentia, & facilitate / _cnec non Joann. Frid. Gronovii notae. |
| 250 | _aEd. novissima. | ||
| 260 |
_aAmstelaedami : _bex Officina Wetsteniana, _c1712. |
||
| 300 |
_a[10], XXXIV, 946, [94] p. ; _c8ยบ. |
||
| 597 | _aSign.: *\p6\s, 2*\p8\s, 3*\p8\s, A-Z\p8\s, 2A-2Z\p8\s, 3A-3T\p8\s. | ||
| 597 | _aPort. con grab. cal. | ||
| 597 | _aPrecede a la port. grab. calc. del retrato del autor. | ||
| 597 | _aPort. a dos tintas con grab. xil. | ||
| 700 | 1 | 1 |
_aGronovius, Ioannes Fredericus ( _d1611-1671), _eanot. _9127568 |
| 710 | 2 | 1 |
_aOfficina Wetsteniana, _eimp. _9134730 |
| 740 | 0 | 1 | _aDe iure belli ac pacis. |
| 752 |
_aHolanda - _dAmsterdam |
||
| 852 |
_aES-MaACL _jR-1427 _z-- Enc. pasta _x Olim: G-12605 |
||
| 999 |
_c154810 _d154810 |
||